000 00267nam a22001217a 4500
008 170622b xxu||||| |||| 00| 0 eng d
041 _aeng
080 _26 ED
_a32
100 _a21
101 _aSHP
245 _aCOMPARATIVE POLITICS
_cKRIGER.K
942 _2udc
_cBK
999 _c18681
_d18681